The Top 50 Largest Countries In The World - Statistics

General Stats
  • This quiz has been taken 154 times
  • The average score is 41 of 50
Answer Stats
No. Answer % Correct
2 Canada
100%
1 Russia
99%
5 Brazil
98%
4 China
98%
3 United States of the America
98%
8 Argentina
96%
6 Australia
95%
7 India
95%
13 Mexico
94%
9 Kazakhstan
90%
18 Mongolia
90%
10 Algeria
88%
11 Democratic Republic of the Congo
88%
29 Egypt
88%
14 Indonesia
88%
17 Iran
86%
36 Turkey
86%
33 Pakistan
85%
12 Saudi Arabia
85%
24 South Africa
85%
45 Ukraine
85%
37 Chile
84%
25 Colombia
84%
21 Niger
84%
15 Sudan
84%
20 Chad
83%
16 Libya
83%
41 France
81%
19 Peru
81%
40 Afghanistan
80%
31 Nigeria
80%
22 Angola
78%
23 Mali
78%
27 Bolivia
76%
28 Mauritania
76%
34 Namibia
76%
32 Venezuela
76%
35 Mozambique
75%
26 Ethiopia
74%
38 Zambia
74%
50 Thailand
71%
30 Tanzania
70%
43 Central African Republic
68%
42 Somalia
68%
48 Kenya
66%
44 South Sudan
66%
47 Madagascar
65%
39 Myanmar
65%
46 Botswana
58%
49 Yemen
49%
No matching quizzes found
Score Distribution
Percent of People with Each Score
Percentile by Number Answered
Your Score History
You have not taken this quiz